00630nam a22001937a 450000500170000001000150001702000260003202000230005803500130008103700130009408200150010710000210012224500650014326000410020827000820024930000280033149000270035950000500038620141030165549.0 aENG-111096 c170.00a9788123771311 c170.00a8123771312 aEN-94628 bDBAD/PUB a338.190954 aModgal,Suresh C. aFood security of India :cby Suresh C. Modgalban overview / aNew DelhibNational Book Trustc2014 bNew Delhie110070aNehru Bhawan, 5, Institutional Area, Phase-II, Vasant Kunj axviii,340p. c23cm(pbk) aPopular social science aIncludes bibliographical references and index